Nalaganje...
SRUTI
| Format: | Periodical |
|---|---|
| Izdano: |
Chennai
The Sruti Foundation
2019
|
| Teme: |
| LEADER | 00384nam a22001217a 4500 | ||
|---|---|---|---|
| 999 | |c 193246 |d 193242 | ||
| 022 | |a 0970-7816 | ||
| 245 | |a SRUTI | ||
| 260 | |a Chennai |b The Sruti Foundation |c 2019 | ||
| 500 | |a India's premier magazine for the performing arts | ||
| 650 | |a Performing Arts |9 185491 | ||
| 942 | |c PR |s 1 | ||
| 952 | |0 0 |1 0 |4 0 |7 0 |8 JC |9 193714 |a MGUL |b MGUL |c PERD |d 2019-12-21 |l 0 |r 2019-12-21 |w 2019-12-21 |y PR | ||